00739nam a22002052 4500001001100000005001700011008004100028020001700069040001500086245014000101250001300241260003100254300002000285650006600305650003700371650006000408700003200468700003000500852000300530000002451220151217154511.0131219s xx 000 0 eng d a0199559374 : aKABUcKABU10aPrivate labels, brands, and competition policy :bthe changing landscape of retail competition /cedited by Ariel Ezrachi, Ulf Bernitz. a1st ed. aOxford :bO. U. P.,c2009. axxxiii, 418 p. 0aBrand name productsxLaw and legislationzEurope.@0000184733 0aCompetitionzEurope.@0000150784 0aRetail tradexLaw and legislation.zEurope.@00001847341 aEzrachi, Ariel.@00001847351 aBernitz, Ulf.@00001847361